| 000 | 01003nam a22002417a 4500 | ||
|---|---|---|---|
| 999 |
_c420249 _d420249 |
||
| 001 | 131849 | ||
| 003 | UA-OsUOA | ||
| 005 | 20230504161357.0 | ||
| 007 | ta | ||
| 008 | 20180620b un ||||| |||| 00| 0 ukr d | ||
| 020 | _a978-617-651-194-6 | ||
| 040 |
_aUA-OsUOA _bukr _cUA-OsUOA _dUA-OsUOA |
||
| 041 | _aukr | ||
| 080 | _a008:316.77 | ||
| 090 |
_a008:316.77 _bП78 |
||
| 245 |
_aПроблеми соціокультурного розвитку й художнього дискурсу в аспекті комунікаційних процесів і зв'язків (література, журналістика, кінематограф, театр) _bколективна монографія _cнаук. ред. О. Є. Чебанова |
||
| 260 |
_aК. _bКиМУ _c2018 |
||
| 300 | _a336 с. | ||
| 650 | 7 |
_a008 Цивілізація. Культура. Прогрес _2UDC |
|
| 942 |
_cBK _2udc |
||
| 955 | _a1 | ||